| 000 | 00242nam a22001217a 4500 | ||
|---|---|---|---|
| 999 |
_c23247 _d23247 |
||
| 003 | Nust | ||
| 005 | 20170515114906.0 | ||
| 008 | 170403b xxu||||| |||| 00| 0 eng d | ||
| 020 | _a8178088266 | ||
| 040 |
_aDLC _bDLC _cRCMS |
||
| 050 | _a621.384 REE | ||
| 082 | _a621.384 REE | ||
| 100 |
_aJEFFERY H. REED _9255 |
||
| 245 |
_aSoftware Radio _cA Modern Approach to Radio Engineering |
||
| 260 |
_aINDIA _bPEARSON _cc2002 |
||
| 300 |
_axx,567,p _bill: _c25,cm. |
||
| 538 | _iShelf # 15, Row # 2, Communication. | ||
| 650 |
_aSoftware Development & Engineering _9256 |
||
| 856 | _3Table of Content Only. | ||
| 942 |
_cBK _2ddc _h621.384 REE |
||